000 00486nam a2200181Ia 4500
001 9321
005 20260306161710.0
008 260306t2013||||xx |||||||||||||| ||spa||
041 _aESP
082 _a378.1
_bR75
100 _aRodríguez Espinar, Sebastián,
_eAUT
245 0 _aPanorama internacional de la evaluación de la calidad en la educación superior
260 _c2013
300 _a270 páginas :
_c23 cm.
650 _aGEN
654 _aCED
942 _cLIB
_dJUS
_fJUS
_2ddc
_n
999 _c9321
_d9321